La pasión del juego : (Record no. 167438)

MARC details
000 -LEADER
campo de control de longitud fija 00963nam a22002295i 4500
001 - NÚMERO DE CONTROL
campo de control 167438
003 - IDENTIFICADOR DE NÚMERO DE CONTROL
campo de control ES-MaACL
005 - FECHA Y HORA DE LA ÚLTIMA TRANSACCIÓN
campo de control 20251012063059.0
008 - DATOS DE LONGITUD FIJA--INFORMACIÓN GENERAL
campo de control de longitud fija 050928s1902 sp | |||||||| ||spa d
080 ## - NÚMERO DE LA CLASIFICACIÓN DECIMAL UNIVERSAL
Número de la Clasificación Decimal Universal 794.9:17
100 1# - ENTRADA PRINCIPAL--NOMBRE DE PERSONA
Nombre de persona Vidal Rodríguez, Manuel,
Fechas asociadas al nombre 1871-1941
9 (RLIN) 175684
245 13 - MENCIÓN DEL TÍTULO
Título La pasión del juego :
Resto del título conferencia pronunciada en el Círculo Católico Obrero de Maceda (Orense) /
Mención de responsabilidad, etc. por el presbítero D. Manuel Vidal.
260 ## - PUBLICACIÓN, DISTRIBUCIÓN, ETC.
Lugar de publicación, distribución, etc. Madrid :
Nombre del editor, distribuidor, etc. [s.n.],
Fecha de publicación, distribución, etc. 1902 (
Fabricante Est. Tip. a cargo de Antonio Haro)
300 ## - DESCRIPCIÓN FÍSICA
Extensión 43 p. ;
Dimensiones 19 cm.
530 ## - NOTA DISPONIBLE DE FORMULARIO FÍSICO ADICIONAL
Nota de formato físico adicional disponible Disponible en formato digital.
650 #4 - PUNTO DE ACCESO ADICIONAL DE MATERIA--TÉRMINO DE MATERIA
Término de materia o nombre geográfico como elemento de entrada Juegos de azar-
Subdivisión general Aspectos morales.
9 (RLIN) 175685
700 1# - ENTRADA AGREGADA--NOMBRE PERSONAL
Nombre de persona Haro, Antonio.
9 (RLIN) 127790
752 ## - ENTRADA AGREGADA--NOMBRE JERÁRQUICO DEL LUGAR
País o entidad superior España -
Ciudad Madrid
852 4# - LOCALIZACIÓN
Ubicación ES-MaACL
Número de control de estantería T-22-F-2
Nota libre - Enc. hol., conservando la enc. original
-- - Enc. en un vol. facticio
856 4# - LOCALIZACIÓN Y ACCESO ELECTRÓNICOS
Identificador Uniforme de Recursos <a href="http://bdh-rd.bne.es/viewer.vm?id=0000260593&page=1 ">http://bdh-rd.bne.es/viewer.vm?id=0000260593&page=1 </a>
Nota pública Biblioteca Digital Hispánica
Holdings
Estatus retirado Estado de pérdida Estado de daño No para préstamo Colección Biblioteca de origen Biblioteca actual Ubicación en estantería Fecha de adquisición Total de préstamos Signatura topográfica completa Código de barras Visto por última vez Precio de reemplazo Tipo de ítem Koha
        Colección de folletos Biblioteca del Ateneo de Madrid Biblioteca del Ateneo de Madrid Depósito folletos 17/01/2008   T-22-F-2 1175650 23/02/2023 23/02/2023 Folleto